Economic development and agricultural productivity (Record no. 41692)

MARC details
000 -LEADER
fixed length control field 00445nam a2200157Ia 4500
082 ## - DEWEY DECIMAL CLASSIFICATION NUMBER
Classification number 338.43.01
Item number BHA
245 #0 - TITLE STATEMENT
Title Economic development and agricultural productivity
260 ## - PUBLICATION, DISTRIBUTION, ETC. (IMPRINT)
Place of publication Cheltenham,UK
Name of publisher Edward Elgar
Year of publication 1997
650 ## - SUBJECT ADDED ENTRY--TOPICAL TERM
Topical Term Ecological sustainability
650 ## - SUBJECT ADDED ENTRY--TOPICAL TERM
Topical Term Farm prices
650 ## - SUBJECT ADDED ENTRY--TOPICAL TERM
Topical Term Trade liberalization
700 ## - ADDED ENTRY--PERSONAL NAME
Personal name Bhaduri, Amit
700 ## - ADDED ENTRY--PERSONAL NAME
Personal name Skarstein, Rune
942 ## - ADDED ENTRY ELEMENTS (KOHA)
Koha item type Books
Holdings
Withdrawn status Lost status Damaged status Not for loan Home library Current library Date acquired Cost, normal purchase price Full call number Accession Number Koha item type
        RRII Library RRII Library 16/12/2021 55.00 338.43.01 BHA 21978 Books